[Event "Helsingor Xtracon op"]
[Site "Helsingor"]
[Date "2017.07.30"]
[Round "10"]
[White "Svane, Freja"]
[Black "Easan, Janith"]
[Result "0-1"]
[WhiteElo "1451"]
[BlackElo "1621"]
[PlyCount "70"]
[EventDate "2017.07.22"]
[EventType "swiss"]
[EventRounds "10"]
[EventCountry "DEN"]
[SourceTitle "CBM 179 Extra"]
[Source "ChessBase"]
[SourceDate "2017.08.23"]
[SourceVersion "1"]
[SourceVersionDate "2017.08.23"]
[SourceQuality "1"]

1. e4 g6 2. d4 Bg7 3. Nf3 d6 4. Be3 a6 5. Nbd2 Nd7 6. Be2 Ngf6 7. h3 c5 8. c3 b6 9. 0-0 0-0 10. a4 Bb7 11. Qc2 Rc8 12. dxc5 bxc5 13. Bd3 Bc6 14. Bxa6 Rb8 15. Bd3 Qb6 16. b4 Qc7 17. Rfb1 cxb4 18. cxb4 Qb7 19. b5 Bxe4 20. Nxe4 Nxe4 21. Bxe4 d5 22. Bxd5 Qxd5 23. Ra3 Rfc8 24. Qa2 Qe4 25. Qd2 Qxb1+ 26. Kh2 Nb6 27. Bxb6 Rxb6 28. Qd7 Rbb8 29. Qxe7 Bf8 30. Qh4 Bxa3 31. Ng5 h5 32. Qf4 Qf5 33. Qg3 h4 34. Qxa3 Qf4+ 35. g3 hxg3+ 0-1

[Event "Helsingor Xtracon op"]
[Site "Helsingor"]
[Date "2017.07.25"]
[Round "5"]
[White "Easan, Janith"]
[Black "Joa, Vegard"]
[Result "1-0"]
[WhiteElo "1621"]
[BlackElo "1105"]
[PlyCount "71"]
[EventDate "2017.07.22"]
[EventType "swiss"]
[EventRounds "10"]
[EventCountry "DEN"]
[SourceTitle "CBM 179 Extra"]
[Source "ChessBase"]
[SourceDate "2017.08.23"]
[SourceVersion "1"]
[SourceVersionDate "2017.08.23"]
[SourceQuality "1"]

1. e4 e6 2. d4 d6 3. Nf3 g6 4. Bd3 Bg7 5. Nc3 Nd7 6. Be3 e5 7. Qd2 h6 8. h4 b6 9. 0-0-0 Ngf6 10. d5 Ng4 11. Ng1 Nxe3 12. Qxe3 h5 13. Kb1 Bb7 14. f3 c5 15. Nb5 Qf6 16. Nc7+ Ke7 17. Nxa8 Bxa8 18. Ne2 Bh6 19. Qf2 g5 20. hxg5 Bxg5 21. Ng3 Kd8 22. Nxh5 Qg6 23. Ng3 Bh4 24. Rh3 Nf6 25. Rdh1 Qg5 26. Qf1 Rh7 27. Nf5 Nh5 28. g4 Ng3 29. Nxg3 Qf4 30. Rxh4 Rxh4 31. Rxh4 Qxg3 32. Rh8+ Kc7 33. Rxa8 Kb7 34. Rf8 a6 35. Rxf7+ Ka8 36. Qh1 1-0